000 00655nam a2200241 i 4500
001 15252
003 ES-MaACL
005 20230906151027.0
007 t|
008 000210s1999 sp ||||1| spa d
020 _a84-8306-218-6
080 _a821.111(73)-31"19"
100 1 _aMcCarthy, Cormac.
_979525
245 1 0 _aCiudades de la llanura /
_cCormac McCarthy.
250 _a1ª ed.
260 _aMadrid :
_bDebate,
_c1999.
300 _a275 p. ;
_c22 cm.
490 1 _aLiteratura
500 _aTrilogía de la frontera, volumen tercero.
830 0 _aLiteratura
_9177860
852 _aES-MaACL
_jL-22589
_bR.127821
999 _c15252
_d15252